Единые нормы выработки (времени) на открытые горные работы для предприятий горнодобывающей промышленности. Бурение; ЕНВ

Podrobná bibliografie
Korporativní autor: СССР Государственный комитет по труду и социальным вопросам
Jazyk:ruština
Vydáno: Москва, НИИ труда, 1978
Témata:
Médium: MixedMaterials Kniha
KOHA link:https://koha.lib.tpu.ru/cgi-bin/koha/opac-detail.pl?biblionumber=138046

MARC

LEADER 00000nam0a2200000 4500
001 138046
005 20231101220722.0
035 |a (RuTPU)RU\TPU\book\149584 
035 |a RU\TPU\book\149578 
090 |a 138046 
100 |a 20080519d1978 u a0rusy5003 ca 
101 0 |a rus 
102 |a RU 
105 |a a z 000zy 
200 1 |a Единые нормы выработки (времени) на открытые горные работы для предприятий горнодобывающей промышленности. Бурение  |a ЕНВ  |f Государственный комитет СССР по труду и социальным вопросам 
210 |a Москва  |c НИИ труда  |d 1978 
215 |a 87 с.  |c ил. 
229 |a Утверждены Государственным комитетом Совета Министров СССР по вопросам труда и заработной платы от 19 апреля 1977 г. 
610 0 |a нормы времени 
610 0 |a единые нормы времени 
610 0 |a открытые горные работы 
610 0 |a горнодобывающая промышленность 
610 0 |a бурение 
610 0 |a характеристики 
610 0 |a организация труда 
610 0 |a скважины 
675 |a 622(083)  |z rus 
712 0 1 |a СССР  |b Государственный комитет по труду и социальным вопросам  |c (1976-1991)  |2 stltpush  |3 (RuTPU)RU\TPU\col\9282  |9 24669 
801 0 |a RU  |b 63413507  |c 19960704  |g psbo 
801 1 |a RU  |b 63413507  |c 20080517  |g PSBO 
801 2 |a RU  |b 63413507  |c 20221207  |g PSBO 
942 |c BK